| Tag |
First Indicator |
Second Indicator |
Subfields |
| LEADER |
00000cam a2200000 a 4500 |
| 001 |
in00000031073 |
| 005 |
20151007054943.0 |
| 008 |
870324m19879999enka b 00100 eng |
| 010 |
|
|
|a 87008892
|
| 020 |
|
|
|a 1851660887 (v. 1)
|
| 035 |
|
|
|a (OCoLC)15520390
|
| 035 |
|
|
|9 AAB6749AM
|
| 040 |
|
|
|a DLC
|c DLC
|d TXA
|d UtOrBLW
|
| 049 |
|
|
|a TXAM
|v 1 [A11493954]
|
| 050 |
0 |
0 |
|a TP156.C57
|b S87 1987
|
| 082 |
0 |
|
|a 667/.9
|2 19
|
| 245 |
0 |
0 |
|a Surface coatings /
|c edited by Alan D. Wilson, John W. Nicholson and Havard J. Prosser.
|
| 264 |
|
1 |
|a London ;
|a New York :
|b Elsevier Applied Science ;
|c 1987-
|
| 264 |
|
2 |
|a New York, NY, USA :
|b Sole distributor in the USA and Canada, Elsevier Science Pub. Co.,
|
| 300 |
|
|
|a volumes :
|b illustrations ;
|c 23 cm.
|
| 336 |
|
|
|a text
|b txt
|2 rdacontent
|
| 337 |
|
|
|a unmediated
|b n
|2 rdamedia
|
| 338 |
|
|
|a volume
|b nc
|2 rdacarrier
|
| 504 |
|
|
|a Includes bibliographies and index.
|
| 650 |
|
0 |
|a Coatings.
|
| 700 |
1 |
|
|a Wilson, Alan D.
|
| 700 |
1 |
|
|a Nicholson, John W.
|
| 700 |
1 |
|
|a Prosser, Havard J.
|
| 999 |
|
|
|a MARS
|
| 999 |
f |
f |
|s 86a850a6-d6c2-3942-9a25-298031d597dc
|i 096caa24-05ba-3efb-b2a6-101bdb38bcc5
|t 0
|
| 952 |
f |
f |
|p ric
|a Texas A&M University
|b Rellis Campus
|c Joint Library Facility
|d Remote Storage
|t 0
|e TP156.C57 S87 1987
|h Library of Congress classification
|i unmediated -- volume
|k v.1
|m A14811493954
|
| 998 |
f |
f |
|a TP156.C57 S87 1987
|s v.1
|t 0
|l Remote Storage
|